Central Library OPAC University of Rajshahi

Girls' physical education in the tropics : (Record no. 50270)

MARC details
000 -LEADER
fixed length control field 00747nam a2200241 a 4500
001 - CONTROL NUMBER
control field 50270
003 - CONTROL NUMBER IDENTIFIER
rucl marc code BD-RjUL
005 - DATE AND TIME OF LATEST TRANSACTION
control field 20211209075501.0
008 - FIXED-LENGTH DATA ELEMENTS--GENERAL INFORMATION
fixed length control field 160824s1962 xx a 001 0 eng d
035 ## - SYSTEM CONTROL NUMBER
System control number (BD-RjUL)50390
040 ## - CATALOGING SOURCE
Original cataloging agency NLM
Transcribing agency NLM
Modifying agency UKM
-- BD-RjUL
Language of cataloging eng
041 ## - LANGUAGE CODE
Language code of text/sound track or separate title eng
082 04 - DEWEY DECIMAL CLASSIFICATION NUMBER
Classification number 613.7
Edition number 23
Author mark and year REG 1962
100 1# - MAIN ENTRY--PERSONAL NAME
Personal name Reid, M. M.
9 (RLIN) 150663
245 10 - TITLE STATEMENT
Title Girls' physical education in the tropics :
Remainder of title a book of gymnastic tables for secondary schools /
Statement of responsibility, etc. M. M. Reid and J. Goldsmith.
260 ## - PUBLICATION, DISTRIBUTION, ETC. (IMPRINT)
Place of publication, distribution, etc. London :
Name of publisher, distributor, etc. Allen & Unwin,
Date of publication, distribution, etc. c1962
300 ## - PHYSICAL DESCRIPTION
Pagination 103 p. :
Illustrations ill. ;
Size 21 cm.
500 ## - GENERAL NOTE
General note Includes index.
650 #2 - SUBJECT ADDED ENTRY--TOPICAL TERM
Topical term or geographic name as entry element Gymnastics.
9 (RLIN) 150664
Topical term or geographic name as entry element Tropical Climate.
9 (RLIN) 150665
700 1# - ADDED ENTRY--PERSONAL NAME
Personal name Goldsmith, Jill.
942 ## - ADDED ENTRY ELEMENTS (KOHA)
Source of classification or shelving scheme Dewey Decimal Classification
Koha item type Books
Holdings
Lost status Source of classification or shelving scheme Damaged status Not for loan Collection code Permanent Location Current Location Shelving location Date acquired Source of acquisition Cost, normal purchase price Total Checkouts Full call number Date last seen Copy number Koha item type
  Dewey Decimal Classification     Non-fiction Central Library, University of Rajshahi Central Library, University of Rajshahi   25/08/1969 Zeittinger 9.60   613.7 REG 1962 24/08/2016 C-2 Books
  Dewey Decimal Classification     Non-fiction Central Library, University of Rajshahi Central Library, University of Rajshahi   25/08/1969 Zeittinger 9.60   613.7 REG 1962 24/08/2016 C-3 Books
  Dewey Decimal Classification     Non-fiction Central Library, University of Rajshahi Central Library, University of Rajshahi   25/08/1969 Zeittinger 9.60   613.7 REG 1962 24/08/2016 C-4 Books
  Dewey Decimal Classification     Non-fiction Central Library, University of Rajshahi Central Library, University of Rajshahi   25/08/1969 Zeittinger 9.60   613.7 REG 1962 24/08/2016 C-5 Books
  Dewey Decimal Classification     Non-fiction Central Library, University of Rajshahi Central Library, University of Rajshahi   25/08/1969 Zeittinger 9.60   613.7 REG 1962 24/08/2016 C-6 Books